| 000 | 00490nam a2200193Ia 4500 | ||
|---|---|---|---|
| 008 | 170918s9999 xx 000 0 und d | ||
| 020 | _a9780439064590 | ||
| 050 | _bA375 2000 | ||
| 100 | _aAlexander, Francie | ||
| 245 | _aWe are painting / | ||
| 245 | _cby Francie Alexander ; illustrated by Michael Grejniec. | ||
| 260 | _aNew York : | ||
| 260 | _bScholastic, | ||
| 260 | _c2000 | ||
| 300 | _a8 pages : | ||
| 300 | _bcolored illustration ; | ||
| 300 | _c23cm. | ||
| 500 | _a150 | ||
| 999 |
_c342881 _d342881 |
||